Creación y diseño Web. (Registro nro. 25940)

Detalles MARC
000 -CABECERA
Longitud fija campo de control 00781nam a22002537a 4500
003 - IDENTIFICADOR DELl NÚMERO DE CONTROL
Identificador del número de control OSt
005 - FECHA Y HORA DE LA ÚLTIMA TRANSACCIÓN
Fecha y hora de la última transacción 20180404141802.0
008 - CÓDIGOS DE INFORMACIÓN DE LONGITUD FIJA
Códigos de información de longitud fija 160920b xxu||||| |||| 00| 0 eng d
020 ## - NÚMERO INTERNACIONAL NORMALIZADO PARA LIBROS
Número Internacional Normalizado para Libros (ISBN) 84-415-1846-7
040 ## - FUENTE DE LA CATALOGACIÓN
Centro transcriptor CRI
082 ## - NÚMERO DE LA CLASIFICACIÓN DECIMAL DEWEY
Númeroo de clasificación 006.7
100 1# - PUNTO DE ACCESO PRINCIPAL-NOMBRE DE PERSONA
9 (RLIN) 39748
Nombre de persona Crowder, David
245 ## - MENCIÓN DE TÍTULO
Título Creación y diseño Web.
Mención de responsabilidad, etc. David Crowder, Andrew Bailey; Editor Manuel Ruiz Calderón.
260 ## - PUBLICACIÓN, DISTRIBUCIÓN, ETC. (PIE DE IMPRENTA)
Lugar de publicación, distribución, etc. Madrid
Nombre del editor, distribuidor, etc. ANAYA
Fecha de publicación, distribución, etc. 200'5
300 ## - DESCRIPCIÓN FÍSICA
Extensión 1020 p.
Otras características físicas il.
Dimensiones 23 cm.
500 ## - NOTA GENERAL
Nota general Índice: p. [9]
546 ## - NOTA DE LENGUA
Nota de lengua Traducido por: Manuel Pastor.
650 10 - PUNTO DE ACCESO ADICIONAL DE MATERIA - TÉRMINO DE MATERIA
9 (RLIN) 1593
Término de materia o nombre geográfico como elemento inicial Páginas Web
Subdivisión de materia general Diseño
700 1# - PUNTO DE ACCESO ADICIONAL - NOMBRE DE PERSONA
9 (RLIN) 39749
Nombre de persona Bailey, Andrew
700 1# - PUNTO DE ACCESO ADICIONAL - NOMBRE DE PERSONA
9 (RLIN) 39745
Nombre de persona Ruiz,Víctor Manuel.
700 1# - PUNTO DE ACCESO ADICIONAL - NOMBRE DE PERSONA
9 (RLIN) 39752
Nombre de persona Poza Melero, Cecilia
700 1# - PUNTO DE ACCESO ADICIONAL - NOMBRE DE PERSONA
9 (RLIN) 39750
Nombre de persona Gómez Pastor, José Manuel‏
942 ## - ENTRADA DE ELEMENTOS AGREGADOS (KOHA)
Fuente de clasificaión o esquema Dewey Decimal Classification
Koha [por defecto] tipo de item 1- Monografias
Parte de clasificación prozim
Existencias
Suprimido Perdido Fuente de clasificación o esquema Estropeado Restricciones de uso No para préstamo Código de colección Localización permanente Localización actual Localización en estanter&íacute;as Fecha adquisición Fuente de adquisición Número de inventario Préstamos totales Signatura completa Código de barras Fecha última consulta Fecha último préstamo Fecha del precio de reemplazo Tipo de item de Koha
NULL NULL Dewey Decimal Classification NULL Prestable NULL NULL Biblioteca Centro Regional de Ilobasco Biblioteca Centro Regional de Ilobasco Sala Principal 10/04/2010 PROYECTO LI001669 1 006.7 CRO cre 1038179 05/09/2024 05/09/2024 20/09/2016 1- Monografias
NULL NULL Dewey Decimal Classification NULL Prestable NULL NULL Biblioteca Centro Regional de Ilobasco Biblioteca Centro Regional de Ilobasco Sala Principal 10/04/2010 PROYECTO LI001670 1 006.7 CRO cre 1038180 15/07/2019 15/07/2019 20/09/2016 1- Monografias